书目信息 |
| 题名: |
海相页岩气储层预测与勘探
|
|
| 作者: | 胡伟光 , 倪楷 , 范春华 编著 | |
| 分册: | ||
| 出版信息: | 北京 中国石化出版社 2017.06 |
|
| 页数: | 189页 | |
| 开本: | 24cm | |
| 丛书名: | ||
| 单 册: | ||
| 中图分类: | P618.130.8 | |
| 科图分类: | ||
| 主题词: | 海相--油页岩--储集层--预测 , 海相--油页岩--储集层--油气勘探 | |
| 电子资源: | ||
| ISBN: | 978-7-5114-4429-5 | |
| 000 | 01297nam0 2200253 450 | |
| 001 | 5715 | |
| 005 | 20181020144959.67 | |
| 010 | @a978-7-5114-4429-5@dCNY50.00 | |
| 100 | @a20170905d2017 em y0chiy50 ea | |
| 101 | 0 | @achi |
| 102 | @aCN@b110000 | |
| 105 | @aa z 000yy | |
| 200 | 1 | @a海相页岩气储层预测与勘探@9hai xiang ye yan qi chu ceng yu ce yu kan tan@f胡伟光,倪楷,范春华编著 |
| 210 | @a北京@c中国石化出版社@d2017.06 | |
| 215 | @a189页@c图@d24cm | |
| 330 | @a本书以四川盆地焦石坝页岩气田的勘探实例为基础,系统阐述了海相优质页岩储层预测的原理及详细的技术方法、应用实例。以探索及研究、建立针对海相页岩气储层的综合解释与预测技术流程为目的,研究中采用了地震资料精细构造解释及埋深成图、地震相分析、叠后波阻抗反演、地震属性、裂缝预测及随钻跟踪等技术方法,实施页岩气储层的预测及随钻评价;本书还总结了优质页岩储层预测方法的应用情况及技术特点,提出优质页岩储层预测的一些关键技术及参数;利用本书的技术方法及成果可实施海相页岩气储层的预测,其相关的应用技术及经验可在页岩气储层预测中进行推广。 | |
| 606 | 0 | @a海相@x油页岩@x储集层@x预测 |
| 606 | 0 | @a海相@x油页岩@x储集层@x油气勘探 |
| 690 | @aP618.130.8@v5 | |
| 701 | 0 | @a胡伟光@9hu wei guang@4编著 |
| 701 | 0 | @a倪楷@9ni kai@4编著 |
| 701 | 0 | @a范春华@9fan chun hua@4编著 |
| 801 | 0 | @aCN@b91MARC@c20170905 |
| 905 | @aMuseLib@dP618.130.8@e100 | |
| 海相页岩气储层预测与勘探/胡伟光,倪楷,范春华编著.-北京:中国石化出版社,2017.06 |
| 189页:图;24cm |
| ISBN 978-7-5114-4429-5:CNY50.00 |
| 本书以四川盆地焦石坝页岩气田的勘探实例为基础,系统阐述了海相优质页岩储层预测的原理及详细的技术方法、应用实例。以探索及研究、建立针对海相页岩气储层的综合解释与预测技术流程为目的,研究中采用了地震资料精细构造解释及埋深成图、地震相分析、叠后波阻抗反演、地震属性、裂缝预测及随钻跟踪等技术方法,实施页岩气储层的预测及随钻评价;本书还总结了优质页岩储层预测方法的应用情况及技术特点,提出优质页岩储层预测的一些关键技术及参数;利用本书的技术方法及成果可实施海相页岩气储层的预测,其相关的应用技术及经验可在页岩气储层预测中进行推广。 |
| ● |
| 相关链接 |
|
|
|
|
正题名:海相页岩气储层预测与勘探
索取号:P618.130.8/100
 
预约/预借
| 序号 | 登录号 | 条形码 | 馆藏地/架位号 | 状态 | 备注 |
| 1 | 1130944 | 211309449 | 第二样本阅览室/ [索取号:P618.130.8/100] | 在馆 | |
| 2 | 1130945 | 211309458 | 第三借阅区/ [索取号:P618.130.8/100] | 在馆 | |
| 3 | 1130946 | 211309467 | 第三借阅区/ [索取号:P618.130.8/100] | 在馆 | |
| 4 | 1130947 | 211309476 | 密集书库-资源管理系/ [索取号:P618.130.8/100] | 在馆 | |
| 5 | 1130948 | 211309485 | 第三借阅区/ [索取号:P618.130.8/100] | 在馆 |